000 01902nam a2200337Ia 4500
001 26717
003 DR-UNIBE
005 20260122155858.0
008 201005b2006 dr ||||| |||| 00| 1 spa d
020 _a9789945410204
040 _aBIBLIOTECA UNIBE
_cBIBLIOTECA UNIBE
_bspa
_erda
041 _aspa
082 0 _aRD 863.5 S718m
100 1 0 _aSoto Jiménez, José Miguel,
_d1956-
_948567
_eautor
245 1 0 _aMemorias de Concho Primo /
_cJosé Miguel Soto Jiménez
260 4 _aSanto Domingo :
_bFundación V República,
_c2006
300 4 _a746 páginas :
_bdibujos b/n ;
_c22 x 15 cm
500 _a Información del autor en la solapa, comentario de la obra en la contraportada. Imagen de portada: caricatura de Concho Primo, original de Bienvenido Gimbernard publicada en 1919, cedida para la obra por su hijo Jacinto Gimbernard
505 _aPrólogo | Los albores | La primera república, 1844-1861 | Guerra restauradora, 1863-1865 | La segunda república, 1865-1916 | La tercera república y la era de Trujillo | Cuarta república
520 4 _aA lo largo de la obra y a través de su personaje principal se conoce la historia dominicana desde la época del Descubrimiento hasta el año 2002 cuando muere Joaquín Balaguer
650 7 _2lemb
_aLiteratura dominicana
_948568
650 7 _2lemb
_aNovela histórica dominicana
_91361
650 _2lemb
_aRepública Dominicana
_zHistoria
_zNovela
_948569
700 1 0 _aMateo, Andres L.,
_d1946-
_937174
_eprologuista
700 1 0 _aGimbernard, Bienvenido,
_d1884-1971
_9187330
_ecaricatura de portada
700 1 0 _aHutchinson, Rafael
_953464
_efotografias
_edibujos interiores
700 1 0 _aEllis, Gerald
_996608
_efotografias
_edibujos interiores
710 1 _aEditorial Letra Gráfica
_9201775
_ecuidado de la edición
_ediagramador
_ediseño de portada
_efotos y dibujos interiores
942 _cBK
_2ddc
951 _a20100103 09:28:04
999 _c26717
_d26717